| 000 | 01153cam a2200325Ka 4500 | ||
|---|---|---|---|
| 082 | 4 |
_a658.3 _bTOR |
|
| 100 | 1 |
_aChapman, John.Torington, Derek. _944703 |
|
| 245 | 1 | 0 |
_aPersonnel Management _cChapman, John.Torington, Derek. |
| 260 |
_aSanta Monica, CA. : _bRand Corp., _c[1983] |
||
| 300 |
_avii, 292 p. ; _c28 cm. |
||
| 490 | 1 | _aRand note ; | |
| 490 | 1 | _aRand publication series. | |
| 500 | _a"December 1983." | ||
| 500 | _a"Prepared for the Assistant Secretary of Defense (Force Management and Personnel)." | ||
| 520 | _aT | ||
| 526 |
_a0 _b0 _c0 _d658_300000000000000_TOR |
||
| 650 | 0 |
_aCivil service _xLabor productivity _zUnited States _944704 |
|
| 650 | 0 |
_aQuality of work life _zUnited States _944705 |
|
| 650 | 7 |
_aGovernment employees. _944706 |
|
| 650 | 7 |
_aMCE _9379 |
|
| 650 | 7 |
_aMilitary personnel. _944707 |
|
| 650 | 7 |
_aPersonnel management. _91204 |
|
| 650 | 7 |
_aProductivity. _944708 |
|
| 650 | 7 |
_aStatistics. _969 |
|
| 700 | 1 |
_aHosek, James R. _944709 |
|
| 700 | 1 |
_aMattock, Michael G., _944710 |
|
| 710 | 1 |
_aUnited States. _921185 |
|
| 856 | 4 | 0 | _uhttp://catalog.hathitrust.org/api/volumes/oclc/23060593.html |
| 942 |
_2ddc _cBK |
||
| 999 |
_c548416 _d548416 |
||